000
00344nam a2200157Ia 4500
003
Ost
005
20260225132600.0
008
260225s9999||||xx |||||||||||||| ||und||
040
_c
fsic
041
_a
fre
082
_a
70.4
100
_a
Max Weber
_e
Auteur
245
0
_a
le savant et le politique /
245
0
_c
Max Weber
942
_c
كتاب
999
_c
34697
_d
34697